Risk and insurance
Zapisane w:
| Główni autorzy: | , |
|---|---|
| Format: | Książka |
| Język: | angielski |
| Wydane: |
Cincinnati
South-Western Pub
1988
|
| Wydanie: | 7a. ed |
| Hasła przedmiotowe: | |
| Etykiety: |
Dodaj etykietę
Nie ma etykietki, Dołącz pierwszą etykiete!
|
MARC
| LEADER | 00000nam a2200000 a 4500 | ||
|---|---|---|---|
| 001 | UCW2828 | ||
| 003 | CL-VaPUC | ||
| 008 | 920921e19880000US |||||||||||||||||eng|d | ||
| 082 | 0 | 4 | |a 368 |b GRE |2 21 |
| 100 | 0 | |a Greene, Mark Richard |e author |9 307148 | |
| 700 | 0 | |a Trieschmann, James S |e author |9 307149 | |
| 245 | 1 | 0 | |a Risk and insurance |
| 250 | |a 7a. ed | ||
| 300 | |a 785 p | ||
| 942 | |c BK | ||
| 945 | |d 19920921 00:00:00 | ||
| 260 | |a Cincinnati |b South-Western Pub |c 1988 | ||
| 650 | 0 | |a Administración de riesgos |9 307150 | |
| 650 | 7 | |a RIESGOS SEGUROS |2 CL-VaPUC |9 270649 | |
| 650 | 7 | |a SEGUROS |2 CL-VaPUC |9 307151 | |
| 583 | |a last modification |c 19920921 00:00:00 |k Rodrigo Vera | ||
| 999 | |c 217262 |d 217260 | ||